000 00641nam a2200229Ia 4500
003 GCL
008 140319s9999 xx 000 0 ara d
040 _aGCL /
_cGCL
082 0 4 _a373.19
_bف م
100 1 _aفوزى طة ابراهيم
245 1 0 _aالمناهج المعاصرة /
_cفوزى طة ابراهيم
700 1 _aرجب احمد الكلزة
260 _a[S.N] :
_bمنشاة المعارف ،
_c1990
300 _a375 ص
490 _a
650 0 4 _aطرق التدريس
650 0 4 _aالتعليم
650 0 4 _aالتربية
650 0 4 _aالمناهج
650 0 4 _aالتدريس
942 _2ddc
_cBK
999 _c34518
_d34518